Statistics for Countries by Landmark Map Quiz

Click here to take the quiz!

General Stats

  • This quiz has been taken 106 times
  • The average score is 19 of 25

Answers on the Map

Answers color-coded by a green-red scale on the quiz's map according to % correct below.
 

Answer Stats

Answer% Correct
Eiffel Tower
98%
Big Ben
96%
Statue of Liberty
96%
Christ the Redeemer
94%
Machu Picchu
93%
Neuschwanstein Castle
90%
Great Sphinx
89%
Hagia Sofia
88%
Red Square
88%
Mount Kilimanjaro
85%
Sagrada Familia
85%
Terracotta Army
84%
Angkor Wat
81%
Pantheon
80%
Uluru
80%
Chichen Itza
78%
Parthenon
76%
Kinkaku-ji
68%
Morraine Lake
68%
Great Mosque of Djenné
64%
Shwedagon Pagoda
63%
Fes el Bali
59%
Abraj al-Bait Towers
58%
Borobudur
45%
Amer Fort
43%

Score Distribution

Percentile by Number Answered

Percent of People with Each Score

Your Score History

You have not taken this quiz